00734cam a2200229 a 45000010008000000030004000080050017000120080041000290100017000700200018000870400018001050500024001230820019001471000026001662450063001922600043002553000034002985040068003326500020004006500041004206500043004614924349OSt20191224150610.0950315s1995 maua b 001 0 eng  a 95013032  a9788120313590 aDLCcDLCdDLC00aHB172.5b.T785 199500a339220bTUR/M a Turnovsky, Stephen J10aMethods of macroeconomic dynamics /cStephen J. Turnovsky. aCambridge, Mass. :bMIT Press,cc1995. axiv, 535 p. :bill. ;c26 cm. aIncludes bibliographical references (p. [511]-525) and indexes. 0aMacroeconomics. 0aMacroeconomicsxMathematical models. 0aStatics and dynamics (Social sciences)